000 00342nam a22001337a 4500
008 170601b xxu||||| |||| 00| 0 eng d
020 _a0910732086
041 _aeng
080 _a94(7/8)
100 _a17
101 _aSHH
245 _aPAINTINGS AND MINIATURES AT THE HISTORICAL SOCIETY OF PENNSYLVANIA
_cWAINWRIGHT,N.B
942 _2udc
_cBK
999 _c15392
_d15392